| 000 | 01594cam a22003254a 4500 | ||
|---|---|---|---|
| 999 |
_c17484 _d17484 |
||
| 008 | 021003s2003 njua b 001 0 eng | ||
| 010 | _a 2002032746 | ||
| 020 | _a0691115389 (cloth : alk. paper) | ||
| 020 | _a9780691115382 | ||
| 020 | _a0691115397 (paper : alk. paper) | ||
| 050 | 0 | 0 | _aN7850 .O25 2003 |
| 245 | 0 | 0 |
_aObjects, images, and the word : _bart in the service of the liturgy / _cedited by Colum Hourihane. |
| 260 |
_aPrinceton, NJ : _bIndex of Christian Art, Dept. of Art and Archaeology, Princeton University in association with Princeton University Press, _c2003. |
||
| 300 |
_a326 p. : _bill. ; _c29 cm. |
||
| 490 | 1 |
_aIndex of Christian Art occasional papers ; _v6 |
|
| 504 | _aIncludes bibliographical references and index. | ||
| 650 | 0 |
_aChristian art and symbolism _yMedieval, 500-1500. |
|
| 650 | 0 | _aLiturgy and art. | |
| 700 | 1 | _aHourihane, Colum, | |
| 856 | 4 | 2 |
_3Publisher description _uhttp://www.loc.gov/catdir/description/prin031/2002032746.html |
| 942 |
_2lcc _cBOOKS _hN7850 .O25 2003 |
||